Lo prohibido /
Gorde:
| Egile nagusia: | |
|---|---|
| Formatua: | Baliabide elektronikoa eBook |
| Hizkuntza: | gaztelania |
| Argitaratua: |
[Barcelona] :
Editorial Minimal,
[2015]
|
| Saila: | Colección Imprescindibles de la literatura castellana.
|
| Gaiak: | |
| Sarrera elektronikoa: | Digitalia Hispánica |
| Etiketak: |
Etiketa erantsi
Etiketarik gabe, Izan zaitez lehena erregistro honi etiketa jartzen!
|
MARC
| LEADER | 00000nam a2200000Ii 4500 | ||
|---|---|---|---|
| 001 | DIGMINIM0080 | ||
| 003 | NyNyDIG | ||
| 008 | 161119s2015 sp o 000 f spa d | ||
| 006 | m o d | ||
| 007 | cr ||||||||||| | ||
| 035 | |a (OCoLC)991935308 | ||
| 040 | |a DGITA |b eng |e rda |e pn |c DGITA | ||
| 020 | |a 9788416375394 |q (eBook) | ||
| 020 | |a 8416375399 |q (eBook) | ||
| 050 | 1 | 4 | |a PQ6555.L6 ebook |
| 082 | 0 | 4 | |a 863.5 |
| 100 | 1 | |a Pérez Galdós, Benito, |d 1843-1920, |e author. | |
| 245 | 1 | 0 | |a Lo prohibido / |c Benito Pérez Galdós. |
| 264 | 1 | |a [Barcelona] : |b Editorial Minimal, |c [2015] | |
| 300 | |a 1 online resource. | ||
| 336 | |a text |b txt |2 rdacontent | ||
| 337 | |a computer |b c |2 rdamedia | ||
| 338 | |a online resource |b cr |2 rdacarrier | ||
| 490 | 1 | |a Colección Imprescindibles de la literatura castellana | |
| 588 | 0 | |a Online resource; title from ePub title page (Digitalia, viewed November 21, 2016) | |
| 650 | 0 | |a Man-woman relationships |v Fiction. | |
| 650 | 0 | |a Adultery |v Fiction. | |
| 655 | 7 | |a Romance fiction. |2 lcgft | |
| 655 | 0 | |a Electronic books. | |
| 791 | 2 | |a Digitalia (Firm), |e distributor. | |
| 793 | 0 | |g Digitalia eBook Collection: |a Editorial Minimal | |
| 830 | 0 | |a Colección Imprescindibles de la literatura castellana. | |
| 856 | 4 | 0 | |3 Digitalia Hispánica |u https://digitalia.unach.elogim.com/a/40356/ |
| 910 | |a Premium collection: 2016 | ||